Metodología de la gestión de sistemas de negocio en la nube para la mediana empresa nicaragüense.

El estudio presenta una metodología de gestión de sistemas de negocio en la nube, para la mediana empresa nicaragüense que permite a las organizaciones aprovechar una serie de innovaciones y mejoras sobre todo en el desarrollo de la virtualización, la capacidad cada vez mayor de internet y la cr...

Full description

Bibliographic Details
Main Author: Herrera Cortez, María Leticia
Other Authors: Tutor: Pérez Rojas, Aurora
Format: Tesis Section = Libro
Language:Undetermined
Spanish
Published: Managua UNI 2013
Subjects:
LEADER 01260nam a2200253Ia 4500
008 240830s9999 xx 000 0 und d
040 |a BIBLIOTECA-RUPAP M.Mon 303.4833 H565 
041 |a spa 
082 |a M.Mon 303.4833 H565 
100 1 |a Herrera Cortez, María Leticia 
245 1 0 |a Metodología de la gestión de sistemas de negocio en la nube para la mediana empresa nicaragüense. 
260 |a Managua  |b UNI  |c 2013 
300 |a 68 p. :il. 
502 |a Tesis (Máster en Informática Empresarial)- UNI, 2013. 
520 3 |a El estudio presenta una metodología de gestión de sistemas de negocio en la nube, para la mediana empresa nicaragüense que permite a las organizaciones aprovechar una serie de innovaciones y mejoras sobre todo en el desarrollo de la virtualización, la capacidad cada vez mayor de internet y la creciente satisfacción de la tecnología. 
650 7 |a TECNOLOGIA DE LA INFORMACION - COMUNICACION 
650 7 |b SISTEMA DE ALMACENAMIENTO - PLATAFORMA 
650 7 |c COMPUTACION EN LA NUBE 
650 7 |d GESTION - HERRAMIENTAS - AUTOMATIZACION - EMPRESAS NICARAGUENSES 
650 7 |e ARQUITECTURA DE INFORMACION EMPRESARIAL 
700 1 |a Tutor:  |b Pérez Rojas, Aurora 
942 |c BK  |2 ddc 
991 |a TESIS 
999 |c 15187